LDR 00660naa#a2200169#i#450# 001 EN\INFRA-M\bibl\116539 005 20260514112153.4 011 ## _a1998-1740 100 ## _a20260226b2026####ek#y0engy0150####ca 102 ## _aRU 200 1# _aArtificial Intelligence Technologies for High School Students Learning Computer Science: Creative Prompt-Pedagogy _eJournal article 210 1# _aMoscow _cINFRA-M Academic Publishing LLC. _d2026 215 ## _a5 с. 608 ## _aJournal article _2local 675 ## _aОбщие вопросы дидактики и методики воспитания и обучения. 37.02 _z 700 #1 _aBychkov _gAnatoliy Vasil'evich 856 4# _azh-szf.ru _u